000 00591nam a2200193Ia 4500
003 GCL
008 140319s9999 xx 000 0 ara d
040 _aGCL /
_cGCL
082 0 4 _a811.9
_bخ ر
100 1 _aخليل فواز
245 1 0 _aرفقا بقلبى /
_cخليل فواز
300 _a123 ص
490 _aالهيئة العامة للاستعلامات
_v0
650 0 4 _aالشعر العربى
650 0 4 _aالادب العربى
650 0 4 _aالشعر العربى المعاصر
650 0 4 _aالشعر العربى - دواوين وقصائد
942 _2ddc
_cBK
999 _c50981
_d50981